• 首页
  • 本馆介绍
  • 公告通知
  • 最新文献
  • 馆藏检索
  • 电子资源
  • 读者导购
  • 参考咨询
  • 我的图书馆
  • 登录
  • 详细信息显示
  • 放入我的书架
  • 预约/预借图书
  • 作者相关作品
  • 分类相关作品
  • 丛书相关作品
  • 出版社相关作品

书目信息

  • 表格格式
  • 工作单格式
  • 卡片格式
题名:
地震工程学与工程场地地震安全性评价
    
 
作者: 孙鸿玲 著
分册:  
出版信息: 成都   四川大学出版社  2018
页数: 273页
开本: 26cm
丛书名:
单 册:
中图分类: P315.91
科图分类:
主题词: 工程地震--gong cheng di zhen--研究 , 地震危险区--di zhen wei xian qu--安全评价
电子资源:
ISBN: 978-7-5690-2369-5
000 01407nam0 2200277 450
001 012001000458
005 20131106095114.0
010    @a978-7-5690-2369-5@dCNY76.00
099    @aCAL 012019043611
100    @a20190404d2018 ekmy0chiy50 ea
101 0  @achi
102    @aCN@b510000
105    @aack z 000yy
106    @ar
200 1  @a地震工程学与工程场地地震安全性评价@Adi zhen gong cheng xue yu gong cheng chang di di zhen an quan xing ping jia@d= Earthquake engineering and seismic safety evaluation of engineering sites@f孙鸿玲著@zeng
210    @a成都@c四川大学出版社@d2018
215    @a273页@c图, 肖像@d26cm
330    @a本书涉及地震工程学和抗震工程学的各个领域, 以国家颁布的设计法规和新研究成果为依据, 系统论述了地震学的基础知识、地震动特性、场地地震效应与分析方法、地震危险性分析与地震安全性评价相关知识, 指导编制地震安全性评价报告, 作为各类新建、扩建、改建建设工程的抗震设防要求、大型厂矿企业、大城市和经济建设开发区的可行性研究、规划设计以及制定防震减灾对策的科学依据。
333    @a本书可供地震工程学与工程场地地震安全性相关研究者参考阅读
510 1  @aEarthquake engineering and seismic safety evaluation of engineering sites@zeng
606 0  @a工程地震@Agong cheng di zhen@x研究
606 0  @a地震危险区@Adi zhen wei xian qu@x安全评价
690    @aP315.91@v5
701  0 @a孙鸿玲@Asun hong ling@4著
801  0 @aCN@b北京卓展文化@c20191020
905    @b1196186-8@dP315.91@e147@f3
    
    地震工程学与工程场地地震安全性评价= Earthquake engineering and seismic safety evaluation of engineering sites/孙鸿玲著.-成都:四川大学出版社,2018
    273页:图, 肖像;26cm
    使用对象:本书可供地震工程学与工程场地地震安全性相关研究者参考阅读
    
    ISBN 978-7-5690-2369-5:CNY76.00
    本书涉及地震工程学和抗震工程学的各个领域, 以国家颁布的设计法规和新研究成果为依据, 系统论述了地震学的基础知识、地震动特性、场地地震效应与分析方法、地震危险性分析与地震安全性评价相关知识, 指导编制地震安全性评价报告, 作为各类新建、扩建、改建建设工程的抗震设防要求、大型厂矿企业、大城市和经济建设开发区的可行性研究、规划设计以及制定防震减灾对策的科学依据。
●
相关链接 在E读中查询图书 在五车中查询图书 在当当中查询图书 在豆瓣中查询图书


正题名:地震工程学与工程场地地震安全性评价     索取号:P315.91/147         预约/预借

序号 登录号 条形码 馆藏地/架位号 状态 备注
1 1196186   211961867   第二样本阅览室/ [索取号:P315.91/147] 在馆    
2 1196187   211961876   第三借阅区/ [索取号:P315.91/147] 在馆    
3 1196188   211961885   第三借阅区/ [索取号:P315.91/147] 在馆    
唐山师范学院图书馆 欢迎您!
大连网信软件有限公司© 版权所有